Datum a čas kvízu
42.5
Celkem bodů
Celkový počet nahraných bodů na tomto kvízu bez doplňovacích otázek.
2.
Pořadí na kvízu
Konečné umístění týmu na tomto kvízu.
Zaznamenané odpovědi
| # | Otázka | Odpověď | Body | Výsledky |
|---|---|---|---|---|
| 1. | Vítězkou soutěže krásy Miss Ea... | Natálie Puškinová | 1 | |
| 2. | Slovenský ministr cestovního r... | říhnul si | 1 | |
| 3. | Minulý týden bylo oznámeno pok... | Mumie | 0 | |
| 4. | Ke 100. výročí založení Národn... | guvernér ČNB; Aleš Michl | 1 | |
| 5. | Který český fotbalový klub by... | FC Baník Ostrava | 1 | |
| 6. | První novodobé hry se konaly v... | C | 0 | |
| 7. | U maratonu ještě zůstaneme. Me... | Etiopii, běžel bosky | 1 | |
| 8. | V roce 1976 v Montrealu k finá... | 14 let (13 nebo 15 let za půl bodu) | 1 | |
| 9. | Nyní se přeneseme na olympijsk... | Kateřina Kůrková, Matthew Emmons | 1 | |
| 10. | Na závěr postupně uslyšíte tři... | 3, 2, 1 | 1 |